Tax Solidarity for the Development of a Self-Governing Region in the Conditions of the Slovak Republic

Analýza modelu financovania samosprávnych krajov založenom na solidarite s menej rozvinutými regiónmi, vedúc k vyšším rozpočtom daňových príjmov, ktoré by mohli byť motiváciou pre vyššie kapitálové výdavky na odstránenie regionálnych rozdielov. Výskum dvoch hypotéz: (1) kritériá rozdelenia a koefici...

Descrizione completa

Salvato in:
Dettagli Bibliografici
Autore principale: Žárska, Elena, 1955-
Natura: Capitolo di libro
Lingua:inglese
Soggetti:
Tags: Aggiungi Tag
Nessun Tag, puoi essere il primo ad aggiungerne!!

MARC

LEADER 00000naa$a2200000$$$4500
001 0280015
005 20240502083852.1
041 0 |a eng 
044 |a CZ 
245 1 0 |a Tax Solidarity for the Development of a Self-Governing Region in the Conditions of the Slovak Republic  |c Elena Žárska 
520 |a Analýza modelu financovania samosprávnych krajov založenom na solidarite s menej rozvinutými regiónmi, vedúc k vyšším rozpočtom daňových príjmov, ktoré by mohli byť motiváciou pre vyššie kapitálové výdavky na odstránenie regionálnych rozdielov. Výskum dvoch hypotéz: (1) kritériá rozdelenia a koeficient úpravy daňových príjmov sú solidárne s menej rozvinutými regiónmi a (2) vyššie daňové príjmy motivujú k vyššej investičnej aktivite, realizovaný pomocou ukazovateľov: daňová sila, miera sebestačnosti, kapitálové výdavky a dlhové zaťaženie u všetkých 8 samosprávnych krajov na Slovensku za obdobie 2005 až 2019. 
610 2 0 |a samospráva regionálna 
610 2 0 |a kraje 
610 2 0 |a príjmy daňové 
610 2 0 |a financie verejné 
610 2 0 |a financie komunálne 
610 2 0 |a výdavky verejné 
610 2 0 |a solidarita 
610 2 0 |a rozpočet štátny 
610 2 0 |a rozvoj regionálny 
610 2 0 |a Slovensko 
100 1 |a Žárska, Elena, 1955-